Statistics for Asia Map with 8 Extra Borders

Click here to take the quiz!

General Stats

  • This quiz has been taken 2,695 times
  • The average score is 7 of 8

Answers on the Map

Answers color-coded by a green-red scale on the quiz's map according to % correct below.
 

Answer Stats

Country% Correct
India
98%
North Korea
98%
Thailand
97%
Iran
96%
Azerbaijan
93%
Tajikistan
92%
Sri Lanka
87%
Taiwan
77%

Score Distribution

Percentile by Number Answered

Percent of People with Each Score

Your Score History

You have not taken this quiz